<?xml version="1.0" encoding="UTF-8"?>
<record
    xmlns:xsi="http://www.w3.org/2001/XMLSchema-instance"
    xsi:schemaLocation="http://www.loc.gov/MARC21/slim http://www.loc.gov/standards/marcxml/schema/MARC21slim.xsd"
    xmlns="http://www.loc.gov/MARC21/slim">

  <leader>00440nam a22001577a 4500</leader>
  <datafield tag="999" ind1=" " ind2=" ">
    <subfield code="c">64141</subfield>
    <subfield code="d">64141</subfield>
  </datafield>
  <controlfield tag="005">20181108133546.0</controlfield>
  <datafield tag="010" ind1=" " ind2=" ">
    <subfield code="a">B-182709</subfield>
  </datafield>
  <datafield tag="020" ind1=" " ind2=" ">
    <subfield code="a">8171824382</subfield>
    <subfield code="c">300.00</subfield>
  </datafield>
  <datafield tag="035" ind1=" " ind2=" ">
    <subfield code="a">B-182706, B-182705, A-612918, B-182708, B-182709</subfield>
  </datafield>
  <datafield tag="037" ind1=" " ind2=" ">
    <subfield code="a">DPL</subfield>
    <subfield code="b">ENG</subfield>
  </datafield>
  <datafield tag="100" ind1=" " ind2=" ">
    <subfield code="a">Osho</subfield>
  </datafield>
  <datafield tag="245" ind1=" " ind2=" ">
    <subfield code="a">The Great Challenge /</subfield>
    <subfield code="c">by Osho</subfield>
  </datafield>
  <datafield tag="260" ind1=" " ind2=" ">
    <subfield code="a">New Delhi</subfield>
    <subfield code="b">Diamond Books</subfield>
    <subfield code="c">2004</subfield>
  </datafield>
  <datafield tag="300" ind1=" " ind2=" ">
    <subfield code="a">209p.</subfield>
    <subfield code="c">20  cms.</subfield>
  </datafield>
  <datafield tag="942" ind1=" " ind2=" ">
    <subfield code="2">ddc</subfield>
    <subfield code="c">EN</subfield>
    <subfield code="h">181.499</subfield>
    <subfield code="m">OSH</subfield>
  </datafield>
  <datafield tag="952" ind1=" " ind2=" ">
    <subfield code="0">0</subfield>
    <subfield code="1">0</subfield>
    <subfield code="4">0</subfield>
    <subfield code="7">0</subfield>
    <subfield code="8">NFIC</subfield>
    <subfield code="a">ZLS</subfield>
    <subfield code="b">ZLS</subfield>
    <subfield code="d">2012-03-19</subfield>
    <subfield code="g">300.00</subfield>
    <subfield code="l">3</subfield>
    <subfield code="m">2</subfield>
    <subfield code="o">181.499 OSH</subfield>
    <subfield code="p">B-182706</subfield>
    <subfield code="r">2024-12-02 00:00:00</subfield>
    <subfield code="s">2024-12-02</subfield>
    <subfield code="v">300.00</subfield>
    <subfield code="w">2012-03-19</subfield>
    <subfield code="y">EN</subfield>
  </datafield>
  <datafield tag="952" ind1=" " ind2=" ">
    <subfield code="0">0</subfield>
    <subfield code="1">0</subfield>
    <subfield code="4">0</subfield>
    <subfield code="7">0</subfield>
    <subfield code="8">NFIC</subfield>
    <subfield code="a">BL1</subfield>
    <subfield code="b">BL1</subfield>
    <subfield code="d">2018-08-06</subfield>
    <subfield code="e">BPPD/PUB</subfield>
    <subfield code="g">300.00</subfield>
    <subfield code="l">0</subfield>
    <subfield code="o">181.499 OSH</subfield>
    <subfield code="p"> B-182705</subfield>
    <subfield code="r">2018-08-06 00:00:00</subfield>
    <subfield code="v">300.00</subfield>
    <subfield code="w">2018-08-06</subfield>
    <subfield code="y">EN</subfield>
  </datafield>
  <datafield tag="952" ind1=" " ind2=" ">
    <subfield code="0">0</subfield>
    <subfield code="1">0</subfield>
    <subfield code="4">0</subfield>
    <subfield code="7">0</subfield>
    <subfield code="8">NFIC</subfield>
    <subfield code="a">BL4</subfield>
    <subfield code="b">BL4</subfield>
    <subfield code="d">2018-08-08</subfield>
    <subfield code="e">BPPD/PUB</subfield>
    <subfield code="g">0.00</subfield>
    <subfield code="l">1</subfield>
    <subfield code="o">181.499 OSH</subfield>
    <subfield code="p">A-612918</subfield>
    <subfield code="r">2022-11-29 00:00:00</subfield>
    <subfield code="s">2022-11-15</subfield>
    <subfield code="v">0.00</subfield>
    <subfield code="w">2018-08-08</subfield>
    <subfield code="y">EN</subfield>
  </datafield>
  <datafield tag="952" ind1=" " ind2=" ">
    <subfield code="0">0</subfield>
    <subfield code="1">0</subfield>
    <subfield code="4">0</subfield>
    <subfield code="7">0</subfield>
    <subfield code="8">NFIC</subfield>
    <subfield code="a">BL4</subfield>
    <subfield code="b">BL4</subfield>
    <subfield code="d">2018-08-13</subfield>
    <subfield code="e">BPPD/PUB</subfield>
    <subfield code="g">300.00</subfield>
    <subfield code="l">3</subfield>
    <subfield code="o">181.499 OSH</subfield>
    <subfield code="p">B-182708</subfield>
    <subfield code="r">2026-01-19 00:00:00</subfield>
    <subfield code="s">2026-01-05</subfield>
    <subfield code="v">300.00</subfield>
    <subfield code="w">2018-08-13</subfield>
    <subfield code="y">EN</subfield>
  </datafield>
  <datafield tag="952" ind1=" " ind2=" ">
    <subfield code="0">0</subfield>
    <subfield code="1">0</subfield>
    <subfield code="4">0</subfield>
    <subfield code="7">0</subfield>
    <subfield code="8">NFIC</subfield>
    <subfield code="a">YV</subfield>
    <subfield code="b">YV</subfield>
    <subfield code="d">2018-11-08</subfield>
    <subfield code="e">BPPD/PUB</subfield>
    <subfield code="g">300.00</subfield>
    <subfield code="l">0</subfield>
    <subfield code="o">181.499 OSH</subfield>
    <subfield code="p">B-182709</subfield>
    <subfield code="r">2018-11-08 00:00:00</subfield>
    <subfield code="v">300.00</subfield>
    <subfield code="w">2018-11-08</subfield>
    <subfield code="y">EN</subfield>
  </datafield>
</record>
